000 00445cam a2200145 4500500
005 20260208003817.0
041 _afre
042 _adc
100 1 0 _aTournier, Maurice
_eauthor
245 0 0 _aLa graisse vorace
260 _c2005.
500 _a10
786 0 _nLangage et société | 113 | 3 | 2005-09-01 | p. 93-123 | 0181-4095
856 4 1 _uhttps://shs.cairn.info/revue-langage-et-societe-2005-3-page-93?lang=fr&redirect-ssocas=7080
999 _c1649012
_d1649012